| 000 | 00465 a2200169 4500 | ||
|---|---|---|---|
| 001 | 157103 | ||
| 020 | _a9788578250966 | ||
| 040 | _cEscola São Tomás de Aquino | ||
| 100 | _aROSA, Luiz Inácio da | ||
| 240 | 1 | 0 |
_aHostilidade entre as grandes potências européias _lpor |
| 245 | 1 | 0 | _aHostilidade entre as grandes potências européias |
| 300 | _a188 p. | ||
| 362 | 0 | _a2019 | |
| 440 | 1 | _aCoopmed | |
| 697 | _aSegunda Guerra Mundial, 1939-1945 | ||
| 942 | _cBK | ||
| 999 |
_c157103 _d157103 |
||